000 00598nam a2200217Ia 4500
005 20241129104113.0
008 241129s9999||||xx |||||||||||||| ||und||
020 _a9789001865184
037 _aTextual
040 _aRTL
_beng
_cRTL
041 _aeng
_2eng
084 _aX9:(R4).1 R1
_qRTL
100 _aWernaart Bart
_9724786
245 0 _aEthics and business: A global introduction
_cWernaart Bart
260 _aNetherland
_bNoordhoff
_c2021
300 _a349p.
365 _aINR
_b4102.57
650 _aCommerce
942 _cTB
_hX9:(R4).1 R1
999 _c1224440
_d1224440